Den, kdy babička rozbila internet /
Uloženo v:
| Hlavní autor: | |
|---|---|
| Další autoři: | , |
| Médium: | Kniha |
| Jazyk: | Czech |
| Vydáno: |
Praha :
Bambook,
2026
|
| Vydání: | První vydání |
| Témata: | |
| Celkem bylo vypůjčeno: | 0x |
| Tagy: |
Žádné tagy |
| LEADER | 01743nam a2200445 i 4500 | ||
|---|---|---|---|
| 001 | 106435 | ||
| 003 | CZ PrNK | ||
| 005 | 20260602121514.0 | ||
| 007 | ta | ||
| 008 | 260414s2026 xr a b 000 j cze | ||
| 015 | |a cnb003750991 | ||
| 020 | |a 9788027159680 |q (vázáno) : |c Kč 279,00 | ||
| 040 | |a ABG001 |b cze |d OLA001 |e rda | ||
| 041 | 1 | |a cze |h ger | |
| 072 | 7 | |a 821.112.2-3 |x Německá próza, německy psaná |2 Konspekt |9 25 | |
| 072 | 7 | |a 821-93 |x Literatura pro děti a mládež (beletrie) |2 Konspekt |9 26 | |
| 080 | |a 821.112.2-32 |2 MRF | ||
| 080 | |a 821-93 |2 MRF | ||
| 080 | |a (0:82-32) |2 MRF | ||
| 100 | 1 | |a Kling, Marc-Uwe, |d 1982- |7 mzk2013794726 |4 aut |9 117395 | |
| 240 | 1 | 0 | |a Tag, an dem die Oma das Internet kaputt gemacht hat. |l Česky |
| 245 | 1 | 0 | |a Den, kdy babička rozbila internet / |c Marc-Uwe Kling ; ilustrovala Astrid Henn ; překlad a jazyková úprava Květa Böhmer |
| 250 | |a První vydání | ||
| 264 | 1 | |a Praha : |b Bambook, |c 2026 | |
| 300 | |a 63 stran : |b barevné ilustrace ; |c 21 cm | ||
| 336 | |a text |b txt |2 rdacontent | ||
| 337 | |a bez média |b n |2 rdamedia | ||
| 338 | |a svazek |b nc |2 rdacarrier | ||
| 500 | |a Přeloženo z němčiny | ||
| 655 | 7 | |a německé příběhy |7 fd132944 |2 czenas |9 53751 | |
| 655 | 7 | |a publikace pro děti |7 fd133156 |2 czenas |9 23 | |
| 655 | 9 | |a German stories |2 eczenas | |
| 655 | 9 | |a children's literature |2 eczenas | |
| 700 | 1 | |a Henn, Astrid |7 xx0206814 |4 ill |9 117396 | |
| 700 | 1 | |a Böhmer, Květa, |d 1957- |7 xx0215528 |4 trl |9 110969 | |
| 710 | 2 | |a Bambook (nakladatelství) |7 ko20251277654 |4 pbl |9 117206 | |
| 910 | |a UOG502 | ||
| 942 | |2 ddc |c KN | ||
| 999 | |d 106435 | ||
| 993 | |0 0 |1 421180107149 |2 ddc |4 0 |6 M |7 0 |9 99862 |b 0 |c 107149 |d 2026-06-02 |e 0 |f M |g M |h 279.00 |i Koupě |l M |r 2026-06-02 |t 8 |w 2026-06-02 |y KN |z BELET |n | ||